| 000 | 00904cam a2200265 a 4500 | ||
|---|---|---|---|
| 001 | 4224225 | ||
| 003 | OSt | ||
| 005 | 20211215094011.0 | ||
| 008 | 820921s1983 nyua b 001 0 eng | ||
| 010 | _a 82017403 | ||
| 020 |
_a047186417X : _c$26.95 (est.) |
||
| 040 |
_aDLC _cHU _dDLC |
||
| 050 | 0 | 0 |
_aBF39 _b.D323 1983 |
| 082 | 0 | 0 |
_a519.5/35 _220 |
| 100 | 1 |
_aDavison, Mark L. _q(Mark Leonard), _d1947- _923009 |
|
| 245 | 1 | 0 |
_aMultidimensional scaling / _cMark L. Davison. |
| 260 |
_aNew York : _bWiley, _cc1983. |
||
| 300 |
_axiv, 242 p. : _bill. ; _c24 cm. |
||
| 440 | 0 |
_aWiley series in probability and mathematical statistics. _pApplied probability and statistics, _x0271-6356 _911957 |
|
| 504 | _aIncludes bibliography and indexes. | ||
| 650 | 0 |
_aMultidimensional scaling. _923010 |
|
| 650 | 0 |
_aPsychometrics. _915184 |
|
| 906 |
_a7 _bcbc _corignew _d1 _eocip _f19 _gy-gencatlg |
||
| 942 |
_2ddc _cBOOKS _n0 |
||
| 999 |
_c22589 _d22589 |
||